| 000 | 00715nam a2200205 a 4500 | ||
|---|---|---|---|
| 001 | 000381807 | ||
| 003 | AM-YeHGA | ||
| 005 | 20250617153101.0 | ||
| 008 | 041113s1978 ||||||||||||||||||||rus d | ||
| 040 | _aAM-YeHGA | ||
| 041 | 0 | _arus | |
| 100 | 1 | _aВотяков, Вениамин Иосифович | |
| 245 | 1 | 0 |
_aЗападный клещевой энцефалит / _cВ.И. Вотяков, И.И. Протас, В.М. Жданов . |
| 260 |
_aМинск : _bБеларусь, _c1978. |
||
| 300 | _a256 с. | ||
| 650 | 1 | 4 | _aИнфекционные болезни |
| 700 | 1 | _aПротас, Иосиф Исаакович | |
| 700 | 1 | _aЖданов, Виктор Михайлович | |
| 090 | _c385930 | ||
| 999 |
_c383966 _d383966 |
||